• 首页
  • 本馆介绍
  • 公告通知
  • 最新文献
  • 馆藏检索
  • 电子资源
  • 读者导购
  • 参考咨询
  • 我的图书馆
  • 登录
  • 详细信息显示
  • 放入我的书架
  • 预约/预借图书
  • 作者相关作品
  • 分类相关作品
  • 丛书相关作品
  • 出版社相关作品

书目信息

  • 表格格式
  • 工作单格式
  • 卡片格式
题名:
政府干预与中国创造性破坏缺乏
    
 
作者: 丁重 著
分册:  
出版信息: 北京   经济科学出版社  2013
页数: 165页
开本: 21cm
丛书名: 暨南大学产业经济研究院博士文库
单 册:
中图分类: F124.3
科图分类:
主题词: 行政干预--影响--技术革新--中国 , 行政干预 , 技术革新
电子资源:
ISBN: 978-7-5141-3480-3
000 01398oam2 2200313 450
001 523
005 20140908161856.06
010    @a978-7-5141-3480-3@dCNY22.00
100    @a20130717d2013 kemy0chiy50 ea
101 0  @achi@deng
102    @aCN@b110000
105    @ay z 000yy
106    @ar
200 1  @a政府干预与中国创造性破坏缺乏@AZheng Fu Gan Yu Yu Zhong Guo Chuang Zao Xing Po Huai Que Fa@e理论和实证研究@ELi Lun He Shi Zheng Yan Jiu@dThe government intervention and the lack of creative destruction in China@ea theoretical and empirical analysis@f丁重著@FDing Zhong Zhu@zeng
210    @a北京@c经济科学出版社@d2013
215    @a165页@d21cm
225 2  @a暨南大学产业经济研究院博士文库
300    @a国家自然科学基金项目“考虑政府偏好因素的技术创新对股价波动影响机制研究”资助
330    @a本书分析了政府干预对技术创新的影响,考察了规模、政治等因素对技术创新投入产出效率的影响等内容,并给出了相应的政策建议。
461  0 @12001 @a暨南大学产业经济研究院博士文库
510 1  @aGovernment intervention and the lack of creative destruction in China@ea theoretical and empirical analysis@zeng
517 1  @a理论和实证研究@ALi Lun He Shi Zheng Yan Jiu
606 0  @a行政干预@x影响@x技术革新@y中国
606 0  @a行政干预
606 0  @a技术革新
690    @aF124.3@v5
701  0 @a丁重@ADing Zhong@c(女)@4著
801  0 @aCN@bTANGWEI@c20140603
905    @b0839725-27@dF124.3@e201@f3
    
    政府干预与中国创造性破坏缺乏:理论和实证研究=The government intervention and the lack of creative destruction in China:a theoretical and empirical analysis/丁重著.-北京:经济科学出版社,2013
    165页;21cm.-(暨南大学产业经济研究院博士文库)
    国家自然科学基金项目“考虑政府偏好因素的技术创新对股价波动影响机制研究”资助
    
    ISBN 978-7-5141-3480-3:CNY22.00
    本书分析了政府干预对技术创新的影响,考察了规模、政治等因素对技术创新投入产出效率的影响等内容,并给出了相应的政策建议。
●
相关链接 在E读中查询图书 在五车中查询图书 在当当中查询图书 在豆瓣中查询图书


正题名:政府干预与中国创造性破坏缺乏     索取号:F124.3/201         预约/预借

序号 登录号 条形码 馆藏地/架位号 状态 备注
1 0839725   208397251   第一样本阅览室/ [索取号:F124.3/201] 在馆    
2 0839726   208397260   第一借阅区/ [索取号:F124.3/201] 在馆    
3 0839727   208397279   密集书库-海洋学院/ [索取号:F124.3/201] 在馆    
唐山师范学院图书馆 欢迎您!
大连网信软件有限公司© 版权所有